00699cam a2200205 a 4500008004100000020002200041100002400063245006000087260009000147300003200237440004300269504004100312650002100353650001600374653003500390710004100425003000100466005001700467040000900484  a0863410642 (hbk.)1 aFuller, A.J. Baden.10aFerrites at microwave frequencies /cA.J. Baden Fuller. aLondon :bP. Peregrinus on behalf of the Institution of Electrical Engineers,cc1987. ax, 267 p. :bill. ;c24 cm. 0aIEE electromagnetic waves series ;v23 aIncludes bibliographical references. 0aFerrite devices. 0aMicrowaves. aMicrowave equipmentaFerrites.2 aInstitution of Electrical Engineers.20230123133240.0 cNUST